Gestión, financiación y control del urbanismo (Registro nro. 1548)

Detalles MARC
000 -LEADER
fixed length control field 00973 a2200205 4500
001 - CONTROL NUMBER
control field 27123
005 - DATE AND TIME OF LATEST TRANSACTION
control field 20260407155548.0
008 - FIXED-LENGTH DATA ELEMENTS--GENERAL INFORMATION
fixed length control field 260407a1979 arg spa d
003 - CONTROL NUMBER IDENTIFIER
control field AR-UNSa-BCEJYS
040 ## - CATALOGING SOURCE
Original cataloging agency AR-UNSa-BCEJYS
Language of cataloging spa
Transcribing agency AR-UNSa-BCEJYS
080 ## - UNIVERSAL DECIMAL CLASSIFICATION NUMBER
Universal Decimal Classification number 711
Common auxiliary subdivision Principios y práctica de la ordenación. Ordenación del territorio, ordenación urbana y rural
020 ## - INTERNATIONAL STANDARD BOOK NUMBER
International Standard Book Number 84-7088-235-X
100 1# - MAIN ENTRY--PERSONAL NAME
Personal name González-Berenguer Urrutia, José Luis
245 10 - TITLE STATEMENT
Title Gestión, financiación y control del urbanismo
264 #1 - PRODUCTION, PUBLICATION, DISTRIBUTION, MANUFACTURE, AND COPYRIGHT NOTICE
Place of production, publication, distribution, manufacture Madrid :
Name of producer, publisher, distributor, manufacturer Instituto de Estudios de Administración Local
Date of production, publication, distribution, manufacture, or copyright notice 1979
300 ## - PHYSICAL DESCRIPTION
Extent 964 p.
Dimensions 21 cm.
505 ## - FORMATTED CONTENTS NOTE
Formatted contents note 1. Problemática general del urbanismo español, hoy - 2. La orgánica del urbanismo - 3. El plan como base de la gestión urbanística - 4. La ejecución pública del plan - 5. La ejecución privada del urbanismo - 6. La financiación del urbanismo - 7. El control del urbanismo
590 ## - LOCAL NOTE (RLIN)
Local note niveau_biblio:m niveau_hierar:0
942 ## - ADDED ENTRY ELEMENTS (KOHA)
Koha item type
Existencias
Withdrawn status Lost status Damaged status Not for loan Home library Current library Shelving location Date acquired Total checkouts Full call number Barcode Date last seen Price effective from Koha item type
        Biblioteca Prof. Eusebio Cleto del Rey Biblioteca Prof. Eusebio Cleto del Rey   07/04/2026   711 G642 L58234 07/04/2026 07/04/2026 Libro